Datum a čas kvízu
35
Celkem bodů
Celkový počet nahraných bodů na tomto kvízu bez doplňovacích otázek.
3.
Pořadí na kvízu
Konečné umístění týmu na tomto kvízu.
Zaznamenané odpovědi
| # | Otázka | Odpověď | Body | Výsledky |
|---|---|---|---|---|
| 1. | Na české území se po více než... | Jan Žižka | 0 | |
| 2. | Radní nizozemského města Haag... | C) reklama na cokoli souvisejícího s fosilními palivy | 1 | |
| 3. | Jedna 80letá žena se rozhodla... | z Jižní Koreje | 1 | |
| 4. | Skupina TCF Capital podnikate... | Pilulka | 1 | |
| 5. | Švýcarská tenistka se slovensk... | Belinda Bencic | 1 | |
| 6. | Evropský den jazyků se slaví k... | 1C 2A 3D 4B | 0 | |
| 7. | Kašubština patří mezi jazyky: | C | 0 | |
| 8. | Sedila, tedy háček pod písmene... | C | 1 | |
| 9. | Přejdeme k literatuře. Doplňte... | Ivana Děnisoviče | 0 | |
| 10. | Kterým slovem na pět písmen se... | Banát | 1 |